000 00294 a2200145 4500
001 160371
020 _a
040 _cMagnum
100 _aMachado, Julio Cesar F.
240 1 0 _aSexo com liberdade
_lpor
245 1 0 _aSexo com liberdade
362 0 _a1899
697 _aGERAL
942 _cBK
999 _c160371
_d160371